LEADER 01456nam0 2200385 450 001 000043715 005 20180111114151.0 010 $a88-7062-782-9 100 $a20171205d1993----km-y0itaa50------ba 101 0 $aita 102 $aIT 200 1 $aCanosa romana$fFrancesco Grelle$a<> tavola di Trinitapoli$f[a cura di] A. Giardina e F. Grelle 210 $aRoma$c<>Erma di Bretschneider$d1993 215 $a272 p.$cill.$d21 cm 225 2 $aSaggi di storia antica 410 0$12001$aSaggi di storia antica$v5 423 1$12001$a<> tavola di Trinitapoli 607 $aCanosa$xStoria$zSec. 3.-5 a.C. 676 $a937$v(22. ed.)$9Storia della penisola italiana e territori limitrofi, fino al 476 700 1$aGrelle,$bFrancesco$0184043 702 1$aGiardina,$bAndrea 801 0$aIT$bUniversità della Basilicata - B.I.A.$gREICAT$2unimarc 912 $a000043715 996 $aTavola di Trinitapoli$91532331 996 $aCanosa romana$9280261 997 $aUNIBAS BAS $aLETTERE CAT $aMDL$b30$c20171205$lBAS01$h1301 CAT $aMDL$b30$c20180111$lBAS01$h1054 CAT $aMDL$b30$c20180111$lBAS01$h1058 CAT $aMDL$b30$c20180111$lBAS01$h1132 CAT $aMDL$b30$c20180111$lBAS01$h1132 CAT $aMDL$b30$c20180111$lBAS01$h1141 FMT Z30 -1$lBAS01$LBAS01$mBOOK$1BASA1$APolo Storico-Umanistico$2DID$BDidattica$3FM/115525$6115525$5L115525$820171205$f04$FPrestabile Didattica